| 000 | 00537nam a2200193Ia 4500 | ||
|---|---|---|---|
| 005 | 20250508164509.0 | ||
| 008 | 008 250505s9999 xx 000 0 hin d | ||
| 037 | _aTextual | ||
| 040 |
_aFEDL _beng _cFEDL |
||
| 041 |
_ahin _2eng |
||
| 084 |
_a306.762 0954, SRI _qFEDL |
||
| 100 | _aSrinivas M N | ||
| 245 | 0 | _aYadon se racha goan | |
| 260 |
_aNew Delhi, India _bRajkamal Prakashan Pvt. Ltd. _c1995 |
||
| 300 | _a206p. | ||
| 365 |
_aINR _b125 |
||
| 942 |
_cTEXL _h306.762 0954, SRI |
||
| 999 |
_c1389421 _d1389421 |
||